LIBRARY ONLINE CATALOGUE

The Shrine : (Record no. 4912)

MARC details
000 -LEADER
fixed length control field 00590cam a22002052 4500
001 - CONTROL NUMBER
control field 0000000786
005 - DATE AND TIME OF LATEST TRANSACTION
control field 20151217151757.0
008 - FIXED-LENGTH DATA ELEMENTS--GENERAL INFORMATION
fixed length control field 070220s xx 000 0 eng d
020 ## - INTERNATIONAL STANDARD BOOK NUMBER
Terms of availability KES
040 ## - CATALOGING SOURCE
Original cataloging agency KABU
Transcribing agency KABU
050 #0 - LIBRARY OF CONGRESS CALL NUMBER
Classification number BX2320
Item number .P66
110 2# - MAIN ENTRY--CORPORATE NAME
Corporate name or jurisdiction name as entry element Pontifical Council.
-- 0000149141
245 14 - TITLE STATEMENT
Title The Shrine :
Remainder of title memory, presence and prophecy of the living God.
260 ## - PUBLICATION, DISTRIBUTION, ETC. (IMPRINT)
Place of publication, distribution, etc. Nairobi :
Name of publisher, distributor, etc. Paulines,
Date of publication, distribution, etc. 1999.
300 ## - PHYSICAL DESCRIPTION
Extent 32 p.
650 #0 - SUBJECT ADDED ENTRY--TOPICAL TERM
Topical term or geographic name as entry element Christian shrine (Catholic church)
-- 0000149142
908 ## - PUT COMMAND PARAMETER (RLIN)
Put command parameter 070220
950 ## - LOCAL HOLDINGS (RLIN)
-- 1
Holdings
Withdrawn status Lost status Source of classification or shelving scheme Not for loan Home library Current library Date acquired Total Checkouts Full call number Barcode Date last seen Price effective from Koha item type
    Library of Congress Classification   Kabarak, Main Campus Kabarak, Main Campus 17/12/2015   BX2320 .P66 000293 17/12/2015 17/12/2015 General Collection